00000000nas##2200000za#4500
0019.503442
003CaOODSP
00520200331213220
007cr |||||||||||
008150406c2000||||xxc|| p o||||f|   |0fre|d
022 |a1497-0171
040 |aCaOODSP|bfre
043 |an-cn---
0861 |aF1-42/1F-pdf
1101 |aCanada. |bMinistère des finances.
24510|aÉnoncé économique et mise à jour budgétaire. Aperçu |h[ressource électronique]
260 |aOttawa - Ontario : |bFinances Canada |c2000.
310 |aAnnuel
3621 |aLe 18 octobre 2000
69107|aPrévision économique|2gcpds
77508|tEconomic statement and budget update. Overview |w(CaOODSP)9.507050